000 00632nam a2200265Ia 4500
008 180803s9999 xx 000 0 und d
020 _a9780545018951
050 _bS718 2002
100 _aSoto, Gary
245 0 _aIf the shoe fits /
245 0 _cby Gary Soto ; illustrated by Terry Widener.
260 _aNew York, New York :
260 _bScholastic,
260 _c2002
300 _a30 pages :
300 _bcolored ;
300 _c25cm.
500 _a730
650 _aMexican Americans.
650 _aShoes.
650 _aTeasing.
650 _aUncles.
700 _aTitle.
700 _aWidener, Terry.
999 _c358265
_d358265